000 00347nam a2200145Ia 4500
005 20251222142030.0
008 251222s9999||||xx |||||||||||||| ||spa||
020 _a9.7884942055e+012
082 _a813.54/L87
100 _aLópez Andrada, Alejandro
245 0 _aEl Jardín Vertical
250 _a1ra. ed.
264 _bTrifaldi
942 _cLIB
999 _c10938
_d10938